000 00630nam a2200229 a 4500
005 20191224041518.0
008 140219b1974 mx ||||| |||| 00| 0 spa d
040 _aCO-BoIAVH
_cCO-BoIAVH
041 _aspa
044 _ack
082 _a547
_bF36c
100 1 _aOrden, Harris O. Van
245 1 _aCompendio de química orgánica
260 _aMéxico
_bEditorial Interamericana
_c1974
300 _a349 paginas
650 6 _aQuímica orgánica
650 4 _aHibridación
650 4 _aOrbitales Moleculares
650 4 _aReactividad
700 _aLee, Garth L.
942 _cLIBRO
_2ddc
999 _c223
_d223